Statystyki dla Metro w warszawie wg. Dzielnic

Kliknij tutaj aby rozwiązać quiz!

Ogólne statystyki

  • Ten quiz został rozwiązany 227 razy
  • Średni wynik to 10 z 15

Statystyki odpowiedzi

StacjaDzielnica/Część/Nazwa% Poprawnych
A13Śródmieście/Frascati/Centrum
81%
A1Ursynów/Kabaty/Kabaty
80%
A2Ursynów/Natolin/Natolin
76%
A8Mokotów/Wierzbno/Wierzbno
74%
A12Śródmieście/Śródmieście Południowe/Politechnika
74%
A7Mokotów/Ksawerów/Wilanowska
72%
A6Mokotów/Służew/Służew
71%
A14/B11Śródmieście/Mirów/Świętokrzyska
71%
A3Ursynów/Ursynów Centralny/Imielin
70%
A10RMokotów/Stary Mokotów/Pole Mokotowskie
69%
A9Mokotów/Stary Mokotów/Racławicka
69%
A4Ursynów/Stokłosy/Stokłosy
65%
A5Ursynów/Ursynów Północny/Ursynów
60%
A15Żoliborz/Marymont-Potok/Dworzec Gdański
54%
A17Żoliborz/Plac Wilsona/ Plac Wilsona
53%

Rozkład punktacji

Percentyl według liczby udzielonych odpowiedzi

Procent ludzi z każdym wynikiem

Twoja historia wyników

Nie rozwiązałeś tego quizu